[Event "Queen Gambit (1600 - 2100)"]
[Site "SchemingMind.com"]
[Date "2008.01.15"]
[Round "-"]
[White "Lazaro"]
[Black "Archon"]
[Result "0-1"]
[WhiteCountry "CUB"]
[BlackCountry "CAN"]
[WhiteElo "1507"]
[WhiteRD "47"]
[BlackElo "1776"]
[BlackRD "57"]
[GameID "136105"]

1. d4 d5 2. c4 dxc4 3. Nf3 Nf6 4. Nc3 c5 5. dxc5 Qxd1+ 6. Nxd1 e6 7. e3 Bxc5 8. Bxc4 Nc6 9. O-O O-O 10. b3 b6
0-1

[Event "Queen Gambit (1600 - 2100)"]
[Site "SchemingMind.com"]
[Date "2008.01.03"]
[Round "-"]
[White "imhotep"]
[Black "Archon"]
[Result "1-0"]
[WhiteCountry "HUN"]
[BlackCountry "CAN"]
[WhiteElo "1822"]
[WhiteRD "82"]
[BlackElo "1790"]
[BlackRD "54"]
[GameID "136106"]

1. d4 d5 2. c4 dxc4 3. e3 e5 4. Bxc4 exd4 5. exd4 Bb4+ 6. Nc3 Nf6 7. Nf3 O-O 8. O-O Bg4 9. Be3 Nbd7 10. h3 Bh5
11. a3 Be7 12. g4 Bg6 13. Ne5 Nxe5 14. dxe5 Nd7 15. f4 Nb6 16. Be2 Qxd1 17. Raxd1 Bc2 18. Rd2 Bb3 19. Rc1 Rad8 20. Ne4 Rxd2
21. Nxd2 Bd5 22. Kf2 Bc6 23. Bxb6 axb6 24. Bf3 Bxf3 25. Kxf3 c6 26. Ne4 Rd8 27. Ke3 Bh4 28. Nd6 Rd7 29. Rc2 f6 30. Nf5 Be1
31. e6 Rd8 32. e7 Re8 33. Re2 Ba5 34. Kf3 b5 35. Nd6
1-0

[Event "Queen Gambit (1600 - 2100)"]
[Site "SchemingMind.com"]
[Date "2008.01.06"]
[Round "-"]
[White "kisei"]
[Black "Archon"]
[Result "1-0"]
[WhiteCountry "HUN"]
[BlackCountry "CAN"]
[WhiteElo "2098"]
[WhiteRD "70"]
[BlackElo "1776"]
[BlackRD "57"]
[GameID "136107"]

1. d4 d5 2. c4 dxc4 3. Nf3 Nf6 4. Nc3 c5 5. d5 e6 6. Qa4+ Bd7 7. Qxc4 exd5 8. Nxd5 Nxd5 9. Qxd5 Be7 10. Ne5 O-O
11. Qxb7 c4 12. Qxa8 Qa5+ 13. Bd2 Bb4 14. Rd1 Ba4 15. Nxc4 Bxd2+ 16. Rxd2 Rc8 17. Qb7 Qf5 18. e4 Qc5 19. b3 Be8 20. b4
1-0

[Event "Queen Gambit (1600 - 2100)"]
[Site "SchemingMind.com"]
[Date "2008.01.04"]
[Round "-"]
[White "javilez"]
[Black "Archon"]
[Result "0-1"]
[WhiteCountry "NCA"]
[BlackCountry "CAN"]
[WhiteElo "1569"]
[WhiteRD "68"]
[BlackElo "1813"]
[BlackRD "58"]
[GameID "136108"]

1. d4 d5 2. c4 dxc4 3. e3 e5 4. Bxc4 exd4 5. exd4 Bb4+ 6. Nc3 Nf6 7. Nf3 O-O 8. O-O Bg4 9. Be2 Nbd7 10. Bg5 Be7
11. Qd2 Bh5 12. Rac1 c6 13. Rfd1 Bg6 14. Ne5 Nxe5 15. dxe5 Nd5 16. Bxe7 Nxe7 17. Qxd8 Rfxd8 18. Rxd8+ Rxd8 19. Rd1 Rxd1+ 20. Bxd1 Nf5
21. g4 Nd4 22. f4 Bd3 23. Kf2 Ba6 24. h4 Ne6 25. Ke3 Kf8 26. Ne4 Ke7 27. f5 Nc7 28. Bb3 b6 29. Nd6 Nb5 30. Nxf7 c5
31. Ng5 h6 32. Ne6 c4 33. Bxc4 Nc7 34. Nxc7 Bxc4
0-1

[Event "Queen Gambit (1600 - 2100)"]
[Site "SchemingMind.com"]
[Date "2008.01.04"]
[Round "-"]
[White "baobab"]
[Black "Archon"]
[Result "1-0"]
[WhiteCountry "ITA"]
[BlackCountry "CAN"]
[WhiteElo "1684"]
[WhiteRD "73"]
[BlackElo "1763"]
[BlackRD "53"]
[GameID "136109"]

1. d4 d5 2. c4 dxc4 3. e3 e5 4. Bxc4 exd4 5. exd4 Bb4+ 6. Nc3 Nf6 7. Bg5 O-O 8. Ne2 Nbd7 9. O-O Be7 10. Re1 Nb6
11. Bd3 Nbd5 12. Nxd5 Nxd5 13. Bxe7 Nxe7 14. Rc1 c6 15. Qc2 h6 16. Qc5 Be6 17. b3 Nd5 18. Nc3 Nxc3 19. Qxc3 Qb6 20. Re3 Rad8
21. Bb1 Qxd4 22. Qc2 Rfe8 23. Qh7+ Kf8 24. h3 Qb2 25. Rce1 Rd2 26. Bf5 Qf6 27. Rf3
1-0

[Event "Queen Gambit (1600 - 2100)"]
[Site "SchemingMind.com"]
[Date "2008.01.03"]
[Round "-"]
[White "schakert"]
[Black "Archon"]
[Result "1/2-1/2"]
[WhiteCountry "NED"]
[BlackCountry "CAN"]
[WhiteElo "1880"]
[WhiteRD "72"]
[BlackElo "1763"]
[BlackRD "53"]
[GameID "136110"]

1. d4 d5 2. c4 dxc4 3. e4 e5 4. d5 Nf6 5. Bg5 Bc5 6. Bxf6 Qxf6 7. Nf3 O-O 8. Bxc4 Bg4 9. Qb3 Bb6 10. O-O Nd7
11. Nbd2 Nc5 12. Qc2 Rac8 13. b4 Nd7 14. Qd3 a5 15. a3 axb4 16. axb4 Ra8 17. h3 Bxf3 18. Nxf3 Qg6 19. Qd2 Rxa1 20. Rxa1 Kh8
21. Bd3 Nb8 22. b5 Nd7 23. Qa2 f6 24. d6 cxd6 25. Qd5 Bc5 26. Qxb7 Nb6 27. Ra6 Qg3 28. Ra2 Qf4 29. Qe7 Qc1+ 30. Kh2 Rg8
31. Nh4 Qe1 32. Re2 Qd1 33. Nf5 Qxd3 34. Nh6 gxh6=
1/2-1/2

[Event "Queen Gambit (1600 - 2100)"]
[Site "SchemingMind.com"]
[Date "2008.01.03"]
[Round "-"]
[White "Manuel Angel"]
[Black "Archon"]
[Result "1-0"]
[WhiteCountry "ESP"]
[BlackCountry "CAN"]
[WhiteElo "1828"]
[WhiteRD "78"]
[BlackElo "1776"]
[BlackRD "57"]
[GameID "136111"]

1. d4 d5 2. c4 dxc4 3. Nf3 Nf6 4. Nc3 c5 5. e3 cxd4 6. Bxc4 e6 7. exd4 Be7 8. O-O O-O 9. Be3 Nc6 10. Rc1 Na5
11. Bd3 a6 12. Ne5 Nd5 13. Nxd5 Qxd5 14. Qc2 g6 15. Be4 Qd8 16. Qc3 Nc6 17. Bxc6 bxc6 18. Nxc6 Qc7 19. d5 Re8 20. Bh6 f6
21. Rfe1 e5 22. Qf3 Qd6 23. Nxe7+ Qxe7 24. d6 Qb7 25. d7
1-0

[Event "Queen Gambit (1600 - 2100)"]
[Site "SchemingMind.com"]
[Date "2008.01.03"]
[Round "-"]
[White "andy146"]
[Black "Archon"]
[Result "1-0"]
[WhiteCountry "POL"]
[BlackCountry "CAN"]
[WhiteElo "1805"]
[WhiteRD "79"]
[BlackElo "1790"]
[BlackRD "54"]
[GameID "136112"]

1. d4 d5 2. c4 dxc4 3. e4 e5 4. d5 Nf6 5. Nc3 Bc5 6. Bxc4 O-O 7. Nf3 Bg4 8. h3 Bxf3 9. Qxf3 Nbd7 10. O-O Nb6
11. Bb3 c6 12. dxc6 bxc6 13. Bg5 Be7 14. Rad1 Qc7 15. h4 Rad8 16. h5 h6 17. Be3 Rxd1 18. Rxd1 Rd8 19. Rxd8+ Qxd8 20. Qf5 Qc7
21. Bxh6 gxh6 22. Qg6+ Kh8 23. Bxf7
1-0

[Event "Queen Gambit (1600 - 2100)"]
[Site "SchemingMind.com"]
[Date "2008.01.03"]
[Round "-"]
[White "TRFz"]
[Black "Archon"]
[Result "1-0"]
[WhiteCountry "GBR"]
[BlackCountry "CAN"]
[WhiteElo "2068"]
[WhiteRD "62"]
[BlackElo "1790"]
[BlackRD "54"]
[GameID "136113"]

1. d4 d5 2. c4 dxc4 3. Nf3 Nf6 4. e3 Bg4 5. Bxc4 e6 6. O-O Nbd7 7. h3 Bh5 8. Nc3 Bd6 9. e4 e5 10. Be3 O-O
11. Be2 Re8 12. d5 Bxf3 13. Bxf3 Bf8 14. Rc1 c6 15. dxc6 bxc6 16. Na4 Re6 17. Qc2 Nb6 18. Rfd1 Qc7 19. Nc5 Bxc5 20. Qxc5 Nbd7
21. Qc3 Rc8 22. g4 Nb6 23. b3 Nfd7 24. g5 Rd6 25. Rxd6 Qxd6 26. Bg4 Rc7 27. a4 f6 28. a5 Nc8 29. Rd1 Qe7 30. Qc4+ Kf8
31. gxf6 gxf6 32. Bh6+
1-0